000 00683ngm a22002890a 4500
001 PT34915
003 AR-LpoUNG
005 20210202000442.0
007 vd cvaizq
008 191001s1941||||ag |||||||||||||||||spa d
040 _aAR-LpoUNG
_bspa
_cAR-LpoUNG
_eaacr
041 _aspa
044 _aag
082 0 _a823 453ci
100 1 _aWelles, Orson
_edir.
245 1 0 _aCitizen Kane
260 _aBuenos Aires :
_bAltaya,
_c1941.
300 _aVHS (143 min.) : son., byn
650 4 _aARTISTAS
650 4 _aLITERATURA
650 4 _aNOVELAS
653 _aVIDEOS
700 1 _aMankiewicz, Herman J.
700 1 _aWelles, Orson
905 _a34915
942 _cVIDEO
999 _c54863
_d54863